000 00613nam a2200205Ia 4500
001 16959
003 GE_BSU
008 181216s||||||||xx |||||||||||||| ||und||
040 _cGE_BSU
080 _a821.353.1-32
100 _aავალიანი, ლადო
245 _aნოველები
245 _cრედ.თ.კოპლატაძე. მხატვ.ნ.იანქოშვილი
260 _aთბილისი
260 _bსაბჭ. მწერალი
260 _c1958
300 _a209გვ. ; 15სმ.
653 _aნოველები
942 _cBK
999 _c50021
_d50021